Microcomputers and Microprocessors (Record no. 11369)
[ view plain ]
| 000 -LEADER | |
|---|---|
| fixed length control field | 00604nam a22001817a 4500 |
| 005 - DATE AND TIME OF LATEST TRANSACTION | |
| control field | 20260227005936.0 |
| 008 - FIXED-LENGTH DATA ELEMENTS--GENERAL INFORMATION | |
| fixed length control field | 260227b |||||||| |||| 00| 0 eng d |
| 020 ## - INTERNATIONAL STANDARD BOOK NUMBER | |
| International Standard Book Number | 981 4096 03 2 |
| 040 ## - CATALOGING SOURCE | |
| Transcribing agency | JHCSC |
| 082 ## - DEWEY DECIMAL CLASSIFICATION NUMBER | |
| Classification number | 004.16 |
| 100 ## - MAIN ENTRY--PERSONAL NAME | |
| 9 (RLIN) | 10184 |
| Personal name | John Uffenbeck |
| Relator term | Author |
| 245 ## - TITLE STATEMENT | |
| Title | Microcomputers and Microprocessors |
| Remainder of title | The 8080,8085 and Z-80 Programming, Interface, and Troubleshooting |
| 250 ## - EDITION STATEMENT | |
| Edition statement | 3rd E |
| Remainder of edition statement | edition |
| 260 ## - PUBLICATION, DISTRIBUTION, ETC. | |
| Place of publication, distribution, etc. | Jurong, Singapore |
| Name of publisher, distributor, etc. | Pearson Education, Asia Pte Ltd, |
| Date of publication, distribution, etc. | 2001 |
| 300 ## - PHYSICAL DESCRIPTION | |
| Extent | xix, 729 pages |
| Other physical details | includes Illustrations |
| 760 ## - MAIN SERIES ENTRY | |
| Edition | 3rd edition |
| 942 ## - ADDED ENTRY ELEMENTS (KOHA) | |
| Source of classification or shelving scheme | Dewey Decimal Classification |
| Koha item type | Book |
| Edition | 3rd edition |
| Withdrawn status | Lost status | Source of classification or shelving scheme | Damaged status | Not for loan | Collection code | Home library | Current library | Shelving location | Date acquired | Total Checkouts | Full call number | Barcode | Date last seen | Price effective from | Koha item type |
|---|---|---|---|---|---|---|---|---|---|---|---|---|---|---|---|
| Dewey Decimal Classification | Information Technology | JHCSC - Canuto MS Enero Campus Library | JHCSC - Canuto MS Enero Campus Library | Circulation | 11/05/2013 | 005.16 UF23 2001 | 2013 438 | 02/27/2026 | 02/27/2026 | Book |